| 000 | 00791nam a2200217Ia 4500 | ||
|---|---|---|---|
| 999 |
_c39481 _d39481 |
||
| 001 | 6075 | ||
| 003 | GE_BSU | ||
| 005 | 20190923111344.0 | ||
| 008 | 181216s1963||||ge |||||||||||||| ||geo|| | ||
| 040 | _cGE_BSU | ||
| 041 | _ageo | ||
| 080 | _a821.353.1-1 ა-80 | ||
| 100 |
_aართილაყვა, რევაზ _94206 |
||
| 245 |
_aღია სარკმელი / _cრევაზ ართილაყვა ; რედ. მ. ვარშანიძე. |
||
| 264 |
_aბათუმი : _bსაბჭოთა აჭარა ; _c1963. |
||
| 300 |
_a82 გვ. ; _c 17 სმ. |
||
| 653 | _aღია სარკმელი | ||
| 653 | _aლექსები | ||
| 700 |
_aვარშანიძე, მ. _eრედაქტორი _94214 |
||
| 942 |
_cBK _2udc |
||